[Event "DFMMLV 2019"]
[Site "Braunfels"]
[Date "2019.06.22"]
[Round "4.3"]
[White "Mira, Helene"]
[Black "Sokalska, Viktorija"]
[Result "1-0"]
[WhiteElo "2029"]
[BlackElo "1961"]
[Annotator "NA"]
[PlyCount "125"]
[EventDate "2019.06.20"]
[EventType "team-tourn"]
[EventCountry "GER"]
[SourceTitle "playchess.com"]
[Source "ChessBase"]
[SourceQuality "1"]
[WhiteTeam "Wuerttemberg 1"]
[BlackTeam "NRW"]
[TimeControl "40/5400+30:1800+30"]

1. Nf3 {[%emt 0:00:00]} Nf6 {[%emt 0:00:00]} 2. d4 {[%emt 0:00:39]} g6 {[%emt 0:00:04]} 3. c4 {[%emt 0:01:04]} Bg7 {[%emt 0:00:20]} 4. Nc3 {[%emt 0:00:05]} d5 {[%emt 0:00:08]} 5. Qa4+ {[%emt 0:00:04]} c6 {[%emt 0:07:13]} 6. cxd5 {[%emt 0:00:08]} Nxd5 {[%emt 0:00:14]} 7. e4 {[%emt 0:00:07]} Nxc3 {[%emt 0:01:53]} 8. bxc3 {[%emt 0:00:02]} O-O {[%emt 0:00:27]} 9. Qa3 {[%emt 0:00:58]} Nd7 {[%emt 0:04:28]} 10. Bg5 {[%emt 0:03:27]} Re8 {[%emt 0:08:39]} 11. Bc4 {[%emt 0:09:02]} h6 {[%emt 0:02:28]} 12. Qb3 {[%emt 0:04:05]} Rf8 {[%emt 0:00:45]} 13. Be3 {[%emt 0:00:18]} b5 {[%emt 0:00:45]} 14. Be2 {[%emt 0:00:21]} Nf6 {[%emt 0:01:53]} 15. e5 {[%emt 0:01:32]} Nd5 {[%emt 0:02:42]} 16. Bd2 {[%emt 0:00:14]} Be6 {[%emt 0:02:57]} 17. O-O {[%emt 0:01:56]} Nf4 {[%emt 0:09:10]} 18. Qd1 {[%emt 0:00:06]} Nxe2+ {[%emt 0:00:06]} 19. Qxe2 {[%emt 0:00:02]} Bc4 {[%emt 0:00:04]} 20. Qe4 {[%emt 0:00:12]} Bxf1 {[%emt 0:00:52]} 21. Rxf1 {[%emt 0:00:02]} e6 {[%emt 0:25:44]} 22. Qxc6 {[%emt 0:04:57]} Qd5 {[%emt 0:01:52]} 23. Qa6 {[%emt 0:00:34]} Rfc8 {[%emt 0:01:30]} 24. Rb1 {[%emt 0:00:24]} Rcb8 {[%emt 0:08:52]} 25. Qa3 {[%emt 0:01:04]} Bf8 {[%emt 0:01:44]} 26. Qb2 {[%emt 0:00:10]} a5 {[%emt 0:03:00]} 27. a3 {[%emt 0:00:58]} Kh7 {[%emt 0:01:25]} 28. h3 {[%emt 0:03:55]} Rb7 {[%emt 0:02:17]} 29. Nh2 {[%emt 0:00:15]} Be7 {[%emt 0:03:05]} 30. Ng4 {[%emt 0:00:18]} h5 {[%emt 0:01:20]} 31. Ne3 {[%emt 0:00:21]} Qc6 {[%emt 0:00:52]} 32. c4 {[%emt 0:02:23]} Rab8 {[%emt 0:01:49]} 33. c5 {[%emt 0:00:15]} b4 {[%emt 0:00:59]} 34. axb4 {[%emt 0:00:12]} axb4 {[%emt 0:00:03]} 35. Nc4 {[%emt 0:01:04]} Qe4 {[%emt 0:03:11]} 36. Re1 {[%emt 0:00:46]} Qd3 {[%emt 0:00:59]} 37. Nd6 {[%emt 0:04:40]} Bxd6 {[%emt 0:00:31]} 38. exd6 {[%emt 0:00:01]} Qb5 {[%emt 0:01:38]} 39. Qb3 {[%emt 0:00:32]} Ra7 {[%emt 0:00:47]} 40. Rb1 {[%emt 0:01:05]} Qe2 {[%emt 0:01:53]} 41. Qe3 {[%emt 0:33:52]} Qxe3 {[%emt 0:02:31]} 42. fxe3 {[%emt 0:00:00]} b3 {[%emt 0:08:08]} 43. Bc3 {[%emt 0:00:00]} Ra6 {[%emt 0:03:38]} 44. e4 {[%emt 0:00:00]} Rc6 {[%emt 0:00:54]} 45. Kf2 {[%emt 0:00:00]} e5 {[%emt 0:04:49]} 46. Ke3 {[%emt 0:00:00]} f6 {[%emt 0:02:00]} 47. Kd3 {[%emt 0:00:00]} f5 {[%emt 0:05:01]} 48. exf5 {[%emt 0:00:00]} gxf5 {[%emt 0:00:24]} 49. Kc4 {[%emt 0:00:00]} exd4 {[%emt 0:04:02]} 50. Bxd4 {[%emt 0:00:00]} Ra6 {[%emt 0:00:59]} 51. Kd5 {[%emt 0:00:00]} Kg6 {[%emt 0:01:12]} 52. d7 {[%emt 0:00:00]} Kf7 {[%emt 0:00:23]} 53. Rxb3 {[%emt 0:00:00]} Rd8 {[%emt 0:00:54]} 54. c6 {[%emt 0:00:00]} Ke7 {[%emt 0:00:59]} 55. Bc5+ {[%emt 0:00:00]} Kf6 {[%emt 0:00:11]} 56. Kd6 {[%emt 0:00:00]} Ra2 {[%emt 0:01:09]} 57. Bd4+ {[%emt 0:00:00]} Kf7 {[%emt 0:00:08]} 58. c7 {[%emt 0:00:00]} Ra6+ {[%emt 0:01:23]} 59. Rb6 {[%emt 0:00:00]} Raa8 {[%emt 0:00:13]} 60. cxd8=Q {[%emt 0:00:00]} Rxd8 {[%emt 0:00:02]} 61. Kc7 {[%emt 0:00:00]} f4 {[%emt 0:01:04]} 62. Kxd8 {[%emt 0:00:00]} f3 {[%emt 0:00:07]} 63. Rb4 {Ke8+} 1-0

[Event "DFMMLV 2019"]
[Site "Braunfels"]
[Date "2019.06.22"]
[Round "4.4"]
[White "Sokalskaja, Elena"]
[Black "Gheng, Simona"]
[Result "0-1"]
[WhiteElo "2014"]
[BlackElo "1991"]
[Annotator "NA"]
[PlyCount "106"]
[EventDate "2019.06.20"]
[EventType "team-tourn"]
[EventCountry "GER"]
[SourceTitle "playchess.com"]
[Source "ChessBase"]
[SourceQuality "1"]
[WhiteTeam "NRW"]
[BlackTeam "Wuerttemberg 1"]
[TimeControl "40/5400+30:1800+30"]

1. d4 {[%emt 0:00:00]} d5 {[%emt 0:01:12]} 2. Nf3 {[%emt 0:00:00]} Nf6 {[%emt 0:00:28]} 3. g3 {[%emt 0:00:00]} e6 {[%emt 0:00:34]} 4. Bg2 {[%emt 0:00:00]} b6 {[%emt 0:00:17]} 5. c4 {[%emt 0:00:00]} Bb7 {[%emt 0:00:06]} 6. O-O {[%emt 0:00:09]} Nbd7 {[%emt 0:00:25]} 7. Nc3 {[%emt 0:02:10]} Be7 {[%emt 0:00:31]} 8. Qc2 {[%emt 0:09:28]} O-O {[%emt 0:04:20]} 9. Rd1 {[%emt 0:00:43]} c5 {[%emt 0:02:16]} 10. dxc5 {[%emt 0:00:21]} bxc5 {[%emt 0:04:31]} 11. cxd5 {[%emt 0:02:18]} exd5 {[%emt 0:01:09]} 12. Nh4 {[%emt 0:10:05]} Nb6 {[%emt 0:08:12]} 13. Nf5 {[%emt 0:00:23]} Qd7 {[%emt 0:04:51]} 14. Bg5 {[%emt 0:24:18]} Rad8 {[%emt 0:09:58]} 15. e4 {[%emt 0:08:10]} d4 {[%emt 0:07:55]} 16. e5 {[%emt 0:03:47]} Nfd5 {[%emt 0:05:29]} 17. Nxe7+ {[%emt 0:03:48]} Nxe7 {[%emt 0:00:23]} 18. Ne4 {[%emt 0:01:12]} Bxe4 {[%emt 0:02:12]} 19. Bxe4 {[%emt 0:00:47]} h6 {[%emt 0:00:24]} 20. Bd2 {[%emt 0:05:02]} c4 {[%emt 0:05:38]} 21. Ba5 {[%emt 0:01:44]} d3 {[%emt 0:01:40]} 22. Qd2 {[%emt 0:02:36]} Qd4 {[%emt 0:02:03]} 23. Re1 {[%emt 0:03:10]} Ned5 {[%emt 0:11:39]} 24. Bxd5 {[%emt 0:00:38]} Qxd5 {[%emt 0:00:22]} 25. b3 {[%emt 0:05:06]} Rc8 {[%emt 0:03:35]} 26. Rac1 {[%emt 0:01:55]} cxb3 {[%emt 0:01:00]} 27. axb3 {[%emt 0:02:32]} Qxb3 {[%emt 0:01:50]} 28. Rb1 {[%emt 0:12:21]} Qd5 {[%emt 0:02:26]} 29. Bxb6 {[%emt 0:00:14]} axb6 {[%emt 0:00:05]} 30. Red1 {[%emt 0:00:12]} Rfd8 {[%emt 0:00:57]} 31. Qf4 {[%emt 0:00:22]} b5 {[%emt 0:01:18]} 32. Qf5 {[%emt 0:00:23]} Rc5 {[%emt 0:01:04]} 33. h4 {[%emt 0:00:29]} Qxe5 {[%emt 0:00:51]} 34. Qxe5 {[%emt 0:00:13]} Rxe5 {[%emt 0:00:05]} 35. Kg2 {[%emt 0:00:10]} f5 {[%emt 0:02:21]} 36. Kf3 {[%emt 0:00:04]} Rd4 {[%emt 0:00:19]} 37. Rb3 {[%emt 0:00:15]} Red5 {[%emt 0:00:22]} 38. Ke3 {[%emt 0:00:08]} d2 {[%emt 0:01:18]} 39. f3 {[%emt 0:00:07]} b4 {[%emt 0:01:47]} 40. h5 {[%emt 0:00:29]} Kf7 {[%emt 0:00:21]} 41. Ke2 {[%emt 0:30:32]} Kf6 {[%emt 0:30:37]} 42. f4 {[%emt 0:00:35]} Ke6 {[%emt 0:00:57]} 43. Rb2 {[%emt 0:01:36]} Kd6 {[%emt 0:01:55]} 44. Rc2 {[%emt 0:01:27]} b3 {[%emt 0:02:51]} 45. Rc8 {[%emt 0:00:10]} Re4+ {[%emt 0:03:53]} 46. Kf2 {[%emt 0:01:57]} Rb4 {[%emt 0:01:53]} 47. Rd8+ {[%emt 0:00:07]} Ke6 {[%emt 0:00:06]} 48. Rxd5 {[%emt 0:00:05]} Kxd5 {[%emt 0:00:03]} 49. Ke3 {[%emt 0:00:00]} Re4+ {[%emt 0:00:00]} 50. Kd3 {[%emt 0:00:00]} Rd4+ {[%emt 0:00:00]} 51. Kc3 {[%emt 0:00:00]} Ke4 {[%emt 0:00:00]} 52. Kxb3 {[%emt 0:00:00]} Ke3 {[%emt 0:00:00]} 53. Kc3 {[%emt 0:00:00]} Rd7 {[%emt 0:00:00]} 0-1

[Event "DFMMLV 2019"]
[Site "Braunfels"]
[Date "2019.06.22"]
[Round "4.5"]
[White "Zeller, Elisa"]
[Black "Schmidt, Andrea"]
[Result "1/2-1/2"]
[WhiteElo "1953"]
[BlackElo "2006"]
[Annotator "NA"]
[PlyCount "31"]
[EventDate "2019.06.20"]
[EventType "team-tourn"]
[EventCountry "GER"]
[SourceTitle "playchess.com"]
[Source "ChessBase"]
[SourceQuality "1"]
[WhiteTeam "Wuerttemberg 1"]
[BlackTeam "NRW"]
[TimeControl "40/5400+30:1800+30"]

1. e4 {[%emt 0:00:00]} e6 {[%emt 0:00:00]} 2. d4 {[%emt 0:00:00]} d5 {[%emt 0:00:00]} 3. Nd2 {[%emt 0:00:02]} dxe4 {[%emt 0:00:24]} 4. Nxe4 {[%emt 0:00:08]} Bd7 {[%emt 0:00:03]} 5. Ne2 {[%emt 0:00:31]} Bc6 {[%emt 0:01:43]} 6. N2g3 {[%emt 0:00:15]} Nd7 {[%emt 0:04:16]} 7. Bg5 {[%emt 0:06:13]} Be7 {[%emt 0:14:13]} 8. Qd2 {[%emt 0:04:51]} Bxe4 {[%emt 0:02:26]} 9. Nxe4 {[%emt 0:00:14]} Ngf6 {[%emt 0:01:18]} 10. Nxf6+ {[%emt 0:08:14]} Nxf6 {[%emt 0:01:55]} 11. Bxf6 {[%emt 0:01:24]} Bxf6 {[%emt 0:00:10]} 12. c3 {[%emt 0:00:21]} c6 {[%emt 0:02:00]} 13. Bc4 {[%emt 0:04:50]} O-O {[%emt 0:02:12]} 14. Rd1 {[%emt 0:00:21]} Qc7 {[%emt 0:04:30]} 15. O-O {[%emt 0:00:10]} Rad8 {[%emt 0:00:38]} 16. Qe2 {[%emt 0:03:09]} 1/2-1/2

[Event "DFMMLV 2019"]
[Site "Braunfels"]
[Date "2019.06.22"]
[Round "4.6"]
[White "Hiebsch, Catalina"]
[Black "Heil, Marina"]
[Result "0-1"]
[WhiteElo "1760"]
[BlackElo "1979"]
[Annotator "NA"]
[PlyCount "92"]
[EventDate "2019.06.20"]
[EventType "team-tourn"]
[EventCountry "GER"]
[SourceTitle "playchess.com"]
[Source "ChessBase"]
[SourceQuality "1"]
[WhiteTeam "NRW"]
[BlackTeam "Wuerttemberg 1"]
[TimeControl "40/5400+30:1800+30"]

1. e4 {[%emt 0:00:00]} d6 {[%emt 0:00:00]} 2. Nc3 {[%emt 0:00:58]} e5 {[%emt 0:00:43]} 3. Bc4 {[%emt 0:01:16]} Nf6 {[%emt 0:01:03]} 4. d3 {[%emt 0:01:24]} c6 {[%emt 0:01:58]} 5. Nf3 {[%emt 0:05:21]} Be7 {[%emt 0:00:33]} 6. h3 {[%emt 0:02:52]} h6 {[%emt 0:00:23]} 7. Bd2 {[%emt 0:01:20]} Nbd7 {[%emt 0:01:06]} 8. Qe2 {[%emt 0:03:37]} a5 {[%emt 0:01:57]} 9. a4 {[%emt 0:06:28]} Qc7 {[%emt 0:08:13]} 10. d4 {[%emt 0:07:08]} Qb6 {[%emt 0:12:35]} 11. dxe5 {[%emt 0:05:41]} dxe5 {[%emt 0:00:11]} 12. b3 {[%emt 0:07:05]} Qc7 {[%emt 0:00:55]} 13. O-O {[%emt 0:05:22]} Nf8 {[%emt 0:03:24]} 14. Rad1 {[%emt 0:05:48]} g5 {[%emt 0:01:03]} 15. Nh2 {[%emt 0:03:46]} Ng6 {[%emt 0:00:23]} 16. Ng4 {[%emt 0:06:48]} Nxg4 {[%emt 0:01:54]} 17. hxg4 {[%emt 0:00:07]} Nf4 {[%emt 0:00:49]} 18. Qf3 {[%emt 0:02:23]} Rh7 {[%emt 0:13:24]} 19. g3 {[%emt 0:01:47]} Ne6 {[%emt 0:00:23]} 20. Ne2 {[%emt 0:02:39]} Bd7 {[%emt 0:01:37]} 21. Bc3 {[%emt 0:04:13]} Nc5 {[%emt 0:03:03]} 22. Nc1 {[%emt 0:05:19]} f6 {[%emt 0:11:05]} 23. Be2 {[%emt 0:03:09]} O-O-O {[%emt 0:02:40]} 24. Nd3 {[%emt 0:02:42]} Nxd3 {[%emt 0:02:27]} 25. Rxd3 {[%emt 0:00:40]} Rdh8 {[%emt 0:04:54]} 26. Rfd1 {[%emt 0:02:26]} Be6 {[%emt 0:00:45]} 27. Qe3 {[%emt 0:03:26]} b6 {[%emt 0:00:39]} 28. Bf3 {[%emt 0:01:13]} Kb7 {[%emt 0:07:00]} 29. Be1 {[%emt 0:03:26]} Qc8 {[%emt 0:04:12]} 30. Qe2 {[%emt 0:01:46]} h5 {[%emt 0:01:37]} 31. gxh5 {[%emt 0:00:55]} g4 {[%emt 0:00:13]} 32. Bg2 {[%emt 0:00:21]} Rxh5 {[%emt 0:00:29]} 33. f3 {[%emt 0:01:10]} R8h7 {[%emt 0:01:26]} 34. Bd2 {[%emt 0:01:57]} Qg8 {[%emt 0:02:14]} 35. f4 {[%emt 0:00:42]} exf4 {[%emt 0:01:22]} 36. Bxf4 {[%emt 0:00:03]} Bc5+ {[%emt 0:03:05]} 37. Be3 {[%emt 0:00:14]} Qf8 {[%emt 0:00:55]} 38. Rd8 {[%emt 0:00:44]} Qe7 {[%emt 0:03:49]} 39. Qd3 {[%emt 0:01:02]} Kc7 {[%emt 0:03:05]} 40. Kf2 {[%emt 0:00:45]} Bd7 {[%emt 0:01:31]} 41. Ra8 {[%emt 0:30:49]} Bc8 {[%emt 0:30:47]} 42. Ke2 {[%emt 0:00:00]} Bxe3 {[%emt 0:00:00]} 43. Kxe3 {[%emt 0:00:00]} Rd5 {[%emt 0:00:00]} 44. Ra7+ {[%emt 0:00:00]} Bb7 {[%emt 0:00:00]} 45. Qe2 {[%emt 0:00:00]} Qc5+ {[%emt 0:00:00]} 46. Kf4 {[%emt 0:00:00]} Qd6+ {[%emt 0:00:00]} 0-1

[Event "DFMMLV 2019"]
[Site "Braunfels"]
[Date "2019.06.22"]
[Round "4.7"]
[White "Valkova, Anzhelika"]
[Black "Hoerhold, Karola"]
[Result "1-0"]
[WhiteElo "1944"]
[BlackElo "1727"]
[Annotator "NA"]
[PlyCount "59"]
[EventDate "2019.06.20"]
[EventType "team-tourn"]
[EventCountry "GER"]
[SourceTitle "playchess.com"]
[Source "ChessBase"]
[SourceQuality "1"]
[WhiteTeam "Wuerttemberg 1"]
[BlackTeam "NRW"]
[TimeControl "40/5400+30:1800+30"]

1. d4 {[%emt 0:00:00]} f5 {[%emt 0:00:00]} 2. Bg5 {[%emt 0:00:00]} h6 {[%emt 0:00:04]} 3. Bh4 {[%emt 0:00:02]} g5 {[%emt 0:00:10]} 4. Bg3 {[%emt 0:00:03]} Nf6 {[%emt 0:02:21]} 5. e3 {[%emt 0:00:04]} Bg7 {[%emt 0:01:00]} 6. c4 {[%emt 0:01:42]} d6 {[%emt 0:05:18]} 7. Bd3 {[%emt 0:01:12]} O-O {[%emt 0:00:54]} 8. Nf3 {[%emt 0:00:09]} Qe8 {[%emt 0:04:21]} 9. Nc3 {[%emt 0:00:51]} e5 {[%emt 0:10:55]} 10. dxe5 {[%emt 0:00:50]} dxe5 {[%emt 0:02:09]} 11. Bxe5 {[%emt 0:01:27]} Nc6 {[%emt 0:07:08]} 12. Bxf6 {[%emt 0:01:29]} Bxf6 {[%emt 0:00:24]} 13. O-O {[%emt 0:00:15]} g4 {[%emt 0:01:54]} 14. Nd4 {[%emt 0:10:47]} Nxd4 {[%emt 0:14:33]} 15. exd4 {[%emt 0:00:04]} c6 {[%emt 0:02:36]} 16. d5 {[%emt 0:03:05]} Bd7 {[%emt 0:00:34]} 17. Qc2 {[%emt 0:12:47]} Bd4 {[%emt 0:06:44]} 18. dxc6 {[%emt 0:08:41]} bxc6 {[%emt 0:00:13]} 19. Rae1 {[%emt 0:05:51]} Qd8 {[%emt 0:00:13]} 20. Qd2 {[%emt 0:02:02]} Qf6 {[%emt 0:02:01]} 21. Qf4 {[%emt 0:08:07]} Bxc3 {[%emt 0:08:29]} 22. bxc3 {[%emt 0:00:05]} Qg7 {[%emt 0:11:02]} 23. Qd6 {[%emt 0:07:12]} Rf6 {[%emt 0:01:44]} 24. Qc5 {[%emt 0:01:34]} Kh8 {[%emt 0:04:12]} 25. Re7 {[%emt 0:03:11]} Rf7 {[%emt 0:02:13]} 26. Rfe1 {[%emt 0:01:27]} Raf8 {[%emt 0:00:11]} 27. Qd6 {[%emt 0:04:06]} Rxe7 {[%emt 0:02:07]} 28. Rxe7 {[%emt 0:00:10]} Rf7 {[%emt 0:01:14]} 29. Qxd7 {[%emt 0:02:45]} Rxe7 {[%emt 0:00:34]} 30. Qd8+ {[%emt 0:00:04] Kg8} 1-0

[Event "DFMMLV 2019"]
[Site "Braunfels"]
[Date "2019.06.22"]
[Round "4.8"]
[White "Haehnel, Andrea"]
[Black "Noppes, Marina"]
[Result "1/2-1/2"]
[WhiteElo "1746"]
[BlackElo "1983"]
[Annotator "NA"]
[PlyCount "41"]
[EventDate "2019.06.20"]
[EventType "team-tourn"]
[EventCountry "GER"]
[SourceTitle "playchess.com"]
[Source "ChessBase"]
[SourceQuality "1"]
[WhiteTeam "NRW"]
[BlackTeam "Wuerttemberg 1"]
[TimeControl "40/5400+30:1800+30"]

1. d4 {[%emt 0:00:00]} Nf6 {[%emt 0:04:22]} 2. c4 {[%emt 0:00:00]} e6 {[%emt 0:00:13]} 3. Nf3 {[%emt 0:03:14]} c5 {[%emt 0:00:17]} 4. d5 {[%emt 0:00:16]} exd5 {[%emt 0:00:04]} 5. cxd5 {[%emt 0:00:03]} d6 {[%emt 0:00:07]} 6. Nc3 {[%emt 0:00:10]} g6 {[%emt 0:00:14]} 7. h3 {[%emt 0:01:10]} Bg7 {[%emt 0:00:10]} 8. Bf4 {[%emt 0:00:25]} O-O {[%emt 0:03:50]} 9. e3 {[%emt 0:00:05]} a6 {[%emt 0:14:23]} 10. a4 {[%emt 0:01:37]} b6 {[%emt 0:16:08]} 11. Nd2 {[%emt 0:05:52]} Ne8 {[%emt 0:10:17]} 12. Nc4 {[%emt 0:15:36]} g5 {[%emt 0:07:30]} 13. Bh2 {[%emt 0:02:04]} f5 {[%emt 0:00:57]} 14. Be2 {[%emt 0:03:36]} Qc7 {[%emt 0:09:13]} 15. Qb3 {[%emt 0:04:26]} Nd7 {[%emt 0:00:27]} 16. O-O {[%emt 0:00:45]} Rb8 {[%emt 0:00:31]} 17. Nd2 {[%emt 0:14:27]} Ne5 {[%emt 0:02:51]} 18. f4 {[%emt 0:05:00]} gxf4 {[%emt 0:00:29]} 19. exf4 {[%emt 0:01:12]} Ng6 {[%emt 0:02:45]} 20. Rad1 {[%emt 0:02:52]} Nf6 {[%emt 0:00:34]} 21. g3 {[%emt 0:02:24]} 1/2-1/2

[Event "DFMMLV 2019"]
[Site "Braunfels"]
[Date "2019.06.22"]
[Round "4.9"]
[White "Braeutigam, Irina"]
[Black "Khrapko, Marharyta"]
[Result "0-1"]
[WhiteElo "1973"]
[BlackElo "2074"]
[Annotator "NA"]
[PlyCount "80"]
[EventDate "2019.06.20"]
[EventType "team-tourn"]
[EventCountry "GER"]
[SourceTitle "playchess.com"]
[Source "ChessBase"]
[SourceQuality "1"]
[WhiteTeam "Schleswig Holstein"]
[BlackTeam "Bayern 1"]
[TimeControl "40/5400+30:1800+30"]

1. c4 {[%emt 0:00:00]} e5 {[%emt 0:01:48]} 2. Nc3 {[%emt 0:00:00]} Nf6 {[%emt 0:00:39]} 3. g3 {[%emt 0:00:16]} d6 {[%emt 0:00:56]} 4. Bg2 {[%emt 0:00:06]} c6 {[%emt 0:00:47]} 5. d4 {[%emt 0:02:53]} Nbd7 {[%emt 0:01:43]} 6. e4 {[%emt 0:01:47]} Be7 {[%emt 0:00:42]} 7. Nf3 {[%emt 0:01:34]} Qc7 {[%emt 0:02:22]} 8. O-O {[%emt 0:01:11]} O-O {[%emt 0:00:10]} 9. h3 {[%emt 0:00:31]} Re8 {[%emt 0:01:33]} 10. Be3 {[%emt 0:00:44]} Bf8 {[%emt 0:09:22]} 11. d5 {[%emt 0:10:12]} g6 {[%emt 0:09:13]} 12. Qd2 {[%emt 0:07:04]} Nh5 {[%emt 0:06:29]} 13. Nh4 {[%emt 0:03:26]} Qd8 {[%emt 0:10:46]} 14. Bg5 {[%emt 0:04:29]} f6 {[%emt 0:05:31]} 15. Be3 {[%emt 0:09:32]} Qe7 {[%emt 0:05:52]} 16. Kh2 {[%emt 0:01:24]} Ng7 {[%emt 0:02:52]} 17. Rae1 {[%emt 0:04:43]} c5 {[%emt 0:08:10]} 18. b3 {[%emt 0:05:51]} Rb8 {[%emt 0:00:36]} 19. f4 {[%emt 0:06:56]} exf4 {[%emt 0:01:29]} 20. gxf4 {[%emt 0:00:19]} f5 {[%emt 0:08:29]} 21. Bf2 {[%emt 0:06:00]} fxe4 {[%emt 0:03:01]} 22. Nxe4 {[%emt 0:01:20]} Qd8 {[%emt 0:01:41]} 23. Ng5 {[%emt 0:02:56]} Nf6 {[%emt 0:02:47]} 24. Rxe8 {[%emt 0:02:29]} Qxe8 {[%emt 0:00:01]} 25. Re1 {[%emt 0:00:23]} Qd8 {[%emt 0:00:59]} 26. Ne6 {[%emt 0:00:45]} Bxe6 {[%emt 0:01:11]} 27. dxe6 {[%emt 0:00:05]} Be7 {[%emt 0:00:47]} 28. Nf3 {[%emt 0:01:22]} d5 {[%emt 0:03:30]} 29. cxd5 {[%emt 0:08:18]} Qxd5 {[%emt 0:00:02]} 30. Qxd5 {[%emt 0:10:16]} Nxd5 {[%emt 0:00:02]} 31. Bg3 {[%emt 0:00:02]} Nh5 {[%emt 0:02:38]} 32. Ne5 {[%emt 0:00:41]} Ndxf4 {[%emt 0:00:25]} 33. Nd7 {[%emt 0:00:35]} Nxg2 {[%emt 0:00:44]} 34. Kxg2 {[%emt 0:02:13]} Rc8 {[%emt 0:00:01]} 35. Bb8 {[%emt 0:03:15]} a6 {[%emt 0:00:37]} 36. Kf3 {[%emt 0:01:13]} Rc6 {[%emt 0:01:18]} 37. Ba7 {[%emt 0:00:58]} Ng7 {[%emt 0:00:35]} 38. Bxc5 {[%emt 0:01:46]} Bxc5 {[%emt 0:00:01]} 39. e7 {[%emt 0:00:04]} Ne8 {[%emt 0:00:24]} 40. Nxc5 {[%emt 0:01:38]} Rxc5 {[%emt 0:00:02]} 0-1

[Event "DFMMLV 2019"]
[Site "Braunfels"]
[Date "2019.06.22"]
[Round "4.10"]
[White "Siegl, Melina"]
[Black "Glinzner, Alva"]
[Result "0-1"]
[WhiteElo "2029"]
[BlackElo "1833"]
[Annotator "NA"]
[PlyCount "97"]
[EventDate "2019.06.20"]
[EventType "team-tourn"]
[EventCountry "GER"]
[SourceTitle "playchess.com"]
[Source "ChessBase"]
[SourceQuality "1"]
[WhiteTeam "Bayern 1"]
[BlackTeam "Schleswig Holstein"]
[TimeControl "40/5400+30:1800+30"]

1. e4 {[%emt 0:00:00]} c5 {[%emt 0:00:00]} 2. Nf3 {[%emt 0:00:00]} e6 {[%emt 0:00:00]} 3. d3 {[%emt 0:00:00]} Nc6 {[%emt 0:00:11]} 4. g3 {[%emt 0:00:16]} d6 {[%emt 0:00:52]} 5. Bg2 {[%emt 0:00:06]} Nf6 {[%emt 0:00:10]} 6. O-O {[%emt 0:00:26]} Be7 {[%emt 0:00:13]} 7. h3 {[%emt 0:01:46]} O-O {[%emt 0:00:46]} 8. c3 {[%emt 0:07:02]} Rb8 {[%emt 0:04:58]} 9. Nh2 {[%emt 0:07:27]} d5 {[%emt 0:05:41]} 10. Qe2 {[%emt 0:01:17]} e5 {[%emt 0:02:43]} 11. g4 {[%emt 0:03:30]} h6 {[%emt 0:01:24]} 12. Nd2 {[%emt 0:02:58]} d4 {[%emt 0:03:11]} 13. c4 {[%emt 0:04:28]} Nd7 {[%emt 0:01:36]} 14. Ndf3 {[%emt 0:03:47]} a6 {[%emt 0:04:06]} 15. Re1 {[%emt 0:02:04]} Re8 {[%emt 0:08:35]} 16. Nf1 {[%emt 0:07:36]} Bf8 {[%emt 0:02:09]} 17. Ng3 {[%emt 0:01:24]} g6 {[%emt 0:00:13]} 18. Kh1 {[%emt 0:10:49]} Bg7 {[%emt 0:01:47]} 19. Rg1 {[%emt 0:04:58]} Nf8 {[%emt 0:01:17]} 20. g5 {[%emt 0:16:26]} h5 {[%emt 0:05:56]} 21. h4 {[%emt 0:04:15]} Ne6 {[%emt 0:01:17]} 22. Nh2 {[%emt 0:01:21]} b5 {[%emt 0:04:21]} 23. b3 {[%emt 0:04:51]} Qc7 {[%emt 0:00:48]} 24. Nf5 {[%emt 0:01:53]} Bf8 {[%emt 0:16:53]} 25. Qf3 {[%emt 0:02:59]} Bb7 {[%emt 0:02:27]} 26. Nh6+ {[%emt 0:00:48]} Bxh6 {[%emt 0:01:02]} 27. gxh6 {[%emt 0:00:07]} Nf4 {[%emt 0:01:16]} 28. Bh3 {[%emt 0:04:43]} Kh7 {[%emt 0:00:41]} 29. Rg5 {[%emt 0:05:18]} Nb4 {[%emt 0:04:13]} 30. Bxf4 {[%emt 0:00:32]} exf4 {[%emt 0:00:10]} 31. Rag1 {[%emt 0:00:17]} Nxd3 {[%emt 0:01:59]} 32. Rd5 {[%emt 0:01:14]} Bxd5 {[%emt 0:02:45]} 33. exd5 {[%emt 0:00:09]} bxc4 {[%emt 0:00:25]} 34. bxc4 {[%emt 0:00:14]} Nb2 {[%emt 0:00:37]} 35. Bf1 {[%emt 0:00:24]} Kxh6 {[%emt 0:00:45]} 36. Qg2 {[%emt 0:01:53]} d3 {[%emt 0:00:50]} 37. Nf3 {[%emt 0:00:09]} Rb4 {[%emt 0:01:38]} 38. Qg5+ {[%emt 0:00:07]} Kh7 {[%emt 0:00:24]} 39. Qf6 {[%emt 0:00:14]} Qe7 {[%emt 0:01:29]} 40. Qc3 {[%emt 0:01:14]} Qe4 {[%emt 0:04:03]} 41. Bg2 {[%emt 0:01:23]} Qf5 {[%emt 0:02:10]} 42. Kh2 {[%emt 0:05:28]} Na4 {[%emt 0:01:17]} 43. Qa1 {[%emt 0:08:00]} Rb2 {[%emt 0:06:23]} 44. Ng5+ {[%emt 0:10:07]} Kg8 {[%emt 0:00:18]} 45. Qd1 {[%emt 0:00:12]} Nc3 {[%emt 0:04:00]} 46. Qf3 {[%emt 0:00:26]} Ree2 {[%emt 0:06:21]} 47. Nh3 {[%emt 0:00:26]} Rbc2 {[%emt 0:05:13]} 48. d6 {[%emt 0:07:34]} d2 {[%emt 0:00:45]} 49. Bf1 {[%emt 0:00:22]} 0-1

[Event "DFMMLV 2019"]
[Site "Braunfels"]
[Date "2019.06.22"]
[Round "4.11"]
[White "Leib, Britta"]
[Black "Stangl, Anita"]
[Result "1/2-1/2"]
[WhiteElo "1884"]
[BlackElo "2010"]
[Annotator "NA"]
[PlyCount "47"]
[EventDate "2019.06.20"]
[EventType "team-tourn"]
[EventCountry "GER"]
[SourceTitle "playchess.com"]
[Source "ChessBase"]
[SourceQuality "1"]
[WhiteTeam "Schleswig Holstein"]
[BlackTeam "Bayern 1"]
[TimeControl "40/5400+30:1800+30"]

1. e4 {[%emt 0:00:00]} e6 {[%emt 0:00:00]} 2. d3 d5 3. Nd2 {[%emt 0:02:30]} Nf6 {[%emt 0:01:17]} 4. g3 {[%emt 0:03:41]} c5 {[%emt 0:06:15]} 5. Bg2 {[%emt 0:03:49]} Nc6 {[%emt 0:02:13]} 6. Ngf3 {[%emt 0:03:10]} Qc7 {[%emt 0:06:57]} 7. O-O {[%emt 0:04:09]} b6 {[%emt 0:03:37]} 8. Re1 {[%emt 0:06:08]} dxe4 {[%emt 0:05:57]} 9. Nxe4 {[%emt 0:03:10]} Nxe4 {[%emt 0:03:35]} 10. dxe4 {[%emt 0:02:17]} e5 {[%emt 0:05:08]} 11. c3 {[%emt 0:03:21]} Be7 {[%emt 0:04:34]} 12. h3 {[%emt 0:05:49]} O-O {[%emt 0:02:26]} 13. Be3 {[%emt 0:04:56]} Rd8 {[%emt 0:08:55]} 14. Qa4 {[%emt 0:08:25]} Bd7 {[%emt 0:08:32]} 15. Qc2 {[%emt 0:02:55]} Be6 {[%emt 0:00:27]} 16. Rad1 {[%emt 0:05:05]} Na5 {[%emt 0:01:30]} 17. b3 {[%emt 0:03:16]} b5 {[%emt 0:05:28]} 18. Ng5 {[%emt 0:08:10]} Bd7 {[%emt 0:01:52]} 19. Rd2 {[%emt 0:12:15]} f6 {[%emt 0:04:00]} 20. Nf3 {[%emt 0:01:33]} Bc6 {[%emt 0:05:06]} 21. Red1 {[%emt 0:00:55]} Rxd2 {[%emt 0:03:26]} 22. Rxd2 {[%emt 0:00:08]} Rd8 {[%emt 0:00:08]} 23. Rxd8+ {[%emt 0:05:44]} Qxd8 {[%emt 0:02:42]} 24. Nd2 {[%emt 0:02:15]} 1/2-1/2